| Tag |
First Indicator |
Second Indicator |
Subfields |
| LEADER |
00000cas a2200000 a 4500 |
| 001 |
in00000079527 |
| 005 |
20211230121957.0 |
| 008 |
751101c19489999enkqr p 0 a0eng |
| 010 |
|
|
|a 51039079
|z sc 79002811
|
| 035 |
|
|
|a (OCoLC)ocm01758916
|
| 035 |
|
|
|a (OCoLC)01758916
|
| 035 |
|
|
|9 AAH5299AM
|
| 040 |
|
|
|a DLC
|b eng
|c MUL
|d SUL
|d BTI
|d NSD
|d DLC
|d AIP
|d NSD
|d AIP
|d NST
|d NSD
|d NST
|d DLC
|d ATL
|d SYS
|d OCL
|d NLM
|d OCLCQ
|d CUS
|d WAU
|d NSD
|d TJC
|d MUQ
|d DLC
|d OCL
|d ATL
|d OCL
|d NLGGC
|d OCLCQ
|d DLC
|d UKMGB
|d CCO
|d OCLCQ
|d OCLCO
|d OCLCQ
|d OCLCF
|d OCLCO
|d IUL
|d OCLCA
|d OCLCQ
|d OCLCO
|d OCLCA
|d L2U
|d TXA
|
| 016 |
7 |
|
|a 100969177
|2 DNLM
|
| 016 |
7 |
|
|a 012414100
|2 Uk
|
| 019 |
|
|
|a 168442495
|a 185064095
|a 191714154
|a 265504204
|a 271695839
|a 524196846
|a 669713926
|a 755911000
|a 1001212483
|a 1044008371
|a 1064872954
|a 1087362108
|
| 022 |
|
|
|a 0027-4909
|l 0027-4909
|2 2
|
| 035 |
|
|
|a (OCoLC)1758916
|z (OCoLC)168442495
|z (OCoLC)185064095
|z (OCoLC)191714154
|z (OCoLC)265504204
|z (OCoLC)271695839
|z (OCoLC)524196846
|z (OCoLC)669713926
|z (OCoLC)755911000
|z (OCoLC)1001212483
|z (OCoLC)1044008371
|z (OCoLC)1064872954
|z (OCoLC)1087362108
|
| 042 |
|
|
|a nsdp
|a pcc
|
| 050 |
0 |
0 |
|a DS36
|b .M7
|
| 082 |
0 |
4 |
|a 297.05
|
| 049 |
|
|
|a TXAM
|
| 130 |
0 |
|
|a Muslim world (Hartford, Conn.)
|
| 210 |
0 |
|
|a Muslim world
|b (Hartford)
|
| 222 |
|
4 |
|a The Muslim world
|b (Hartford)
|
| 245 |
1 |
4 |
|a The Muslim world :
|b a quarterly review of history, culture, religions & the Christian mission in Islamdom.
|
| 264 |
|
1 |
|a Hartford, Conn. :
|b Hartford Seminary Foundation,
|c 1948-
|
| 264 |
3 |
1 |
|3 2003-
|a Malden, Mass. ;
|a Oxford, UK. :
|b Blackwell Publishing
|
| 300 |
|
|
|a volumes :
|b illustrations ;
|c 25 cm
|
| 310 |
|
|
|a Quarterly,
|b 2003-
|
| 321 |
|
|
|a Quarterly,
|b Jan. 1948-1999
|
| 321 |
|
|
|a Semiannual,
|b 2000-2002
|
| 336 |
|
|
|a text
|b txt
|2 rdacontent
|
| 337 |
|
|
|a unmediated
|b n
|2 rdamedia
|
| 338 |
|
|
|a volume
|b nc
|2 rdacarrier
|
| 362 |
0 |
|
|a Vol. 38, no. 1 (Jan. 1948)-
|
| 530 |
|
|
|a Also issued on microfilm by American Theological Library Association.
|
| 550 |
|
|
|a Published by: the Duncan Black Macdonald Center at the Hartford Seminary Foundation, 1974-2002.
|
| 555 |
|
|
|a Vols. 26-50, 1936-1960. 1 v. (Includes index to the journal under its earlier title).
|
| 588 |
|
|
|a Latest issue consulted: Vol. 93, no. 2 (Apr. 2003).
|
| 541 |
0 |
|
|a Donated by Rebecca Hankins
|d 20210927
|
| 650 |
|
0 |
|a Islam
|v Periodicals.
|
| 650 |
|
0 |
|a Missions to Muslims
|v Periodicals.
|
| 650 |
|
6 |
|a Missions auprès des musulmans
|v Périodiques.
|
| 650 |
|
6 |
|a Islam
|v Périodiques.
|
| 650 |
|
7 |
|a 11.80 Islam: general.
|0 (NL-LeOCL)077594533
|2 bcl
|
| 650 |
|
7 |
|a Islam.
|2 fast
|0 (OCoLC)fst00979776
|
| 650 |
|
7 |
|a Missions to Muslims.
|2 fast
|0 (OCoLC)fst01023851
|
| 650 |
1 |
7 |
|a Islam.
|2 gtt
|
| 655 |
|
7 |
|a Periodicals.
|2 fast
|0 (OCoLC)fst01411641
|
| 655 |
|
7 |
|a Periodicals.
|2 lcgft
|
| 710 |
2 |
|
|a Hartford Seminary Foundation.
|
| 710 |
2 |
|
|a Duncan Black Macdonald Center.
|
| 776 |
1 |
|
|c Microfilm
|d American Theological Library Association
|w (DLC)sn 97016229
|w (OCoLC)8035540
|
| 776 |
0 |
8 |
|i Online version:
|t Muslim world (Hartford, Conn. : Online)
|x 1478-1913
|w (DLC) 2005221954
|w (OCoLC)44288261
|
| 776 |
0 |
8 |
|i Online version:
|t Muslim world (Hartford, Conn.)
|w (OCoLC)836711510
|
| 780 |
0 |
0 |
|t Moslem world (Hartford, Conn.)
|x 0362-4641
|w (DLC) 93640888
|w (OCoLC)1981710
|
| 850 |
|
|
|a AAP
|a CU-S
|a CaMWUC
|a DLC
|a MCM
|a MnU
|a MoSU
|a NcD
|a PBL
|a ViU
|
| 891 |
0 |
3 |
|9 853
|8 1
|a v.
|i (year)
|
| 891 |
4 |
0 |
|9 863
|8 1
|a <38>-
|i <1948>-
|x provisional
|
| 949 |
|
|
|a AM_DB_MFHD URL added
|b h
|c 2003/7/11
|e rstovall5
|f 1:42:53 pm
|
| 994 |
|
|
|a C0
|b TXA
|
| 999 |
f |
f |
|s a5a515bf-fbb2-3287-8e77-c205162bbeb7
|i 64a3849d-07f3-3e8b-8aca-33b078ecb4ac
|t 0
|
| 952 |
f |
f |
|a Texas A&M University
|b Rellis Campus
|c Joint Library Facility
|d Remote Storage
|e DS36 .M8
|h Library of Congress classification
|i unmediated -- volume
|k v.85
|l 1995
|m A14819995413
|p ric
|s JLF
|t 0
|
| 952 |
f |
f |
|a Texas A&M University
|b Rellis Campus
|c Joint Library Facility
|d Remote Storage
|e DS36 .M8
|h Library of Congress classification
|i unmediated -- volume
|k v.56
|l 1966
|m A14829995198
|p ric
|s JLF
|t 0
|
| 952 |
f |
f |
|a Texas A&M University
|b Rellis Campus
|c Joint Library Facility
|d Remote Storage
|e DS36 .M8
|h Library of Congress classification
|i unmediated -- volume
|k v.90
|l 2000
|m A14829302557
|p ric
|s JLF
|t 0
|
| 952 |
f |
f |
|a Texas A&M University
|b Rellis Campus
|c Joint Library Facility
|d Remote Storage
|e DS36 .M8
|h Library of Congress classification
|i unmediated -- volume
|k v.63
|l 1973
|m A14829996233
|p ric
|s JLF
|t 0
|
| 952 |
f |
f |
|a Texas A&M University
|b Rellis Campus
|c Joint Library Facility
|d Remote Storage
|e DS36 .M8
|h Library of Congress classification
|i unmediated -- volume
|k v.91
|l 2001
|m A14829302599
|p ric
|s JLF
|t 0
|
| 952 |
f |
f |
|a Texas A&M University
|b Rellis Campus
|c Joint Library Facility
|d Remote Storage
|e DS36 .M8
|h Library of Congress classification
|i unmediated -- volume
|k v.73
|l 1983
|m A14818715161
|p ric
|s JLF
|t 0
|
| 952 |
f |
f |
|a Texas A&M University
|b Rellis Campus
|c Joint Library Facility
|d Remote Storage
|e DS36 .M8
|h Library of Congress classification
|i unmediated -- volume
|k v.75
|l 1985
|m A14830275593
|p ric
|s JLF
|t 0
|
| 952 |
f |
f |
|a Texas A&M University
|b Rellis Campus
|c Joint Library Facility
|d Remote Storage
|e DS36 .M8
|h Library of Congress classification
|i unmediated -- volume
|k v.67
|l 1977
|m A14829996071
|p ric
|s JLF
|t 0
|
| 952 |
f |
f |
|a Texas A&M University
|b Rellis Campus
|c Joint Library Facility
|d Remote Storage
|e DS36 .M8
|h Library of Congress classification
|i unmediated -- volume
|k v.52
|l 1962
|m A14829995237
|p ric
|s JLF
|t 0
|
| 952 |
f |
f |
|p noncirc
|a Texas A&M University
|b College Station
|c Cushing Memorial Library & Archives
|s cush afri
|d Cushing: Area Studies/Africana (Does not check out)
|t 0
|e DS36 .M7
|h Library of Congress classification
|i unmediated -- volume
|
| 952 |
f |
f |
|a Texas A&M University
|b Rellis Campus
|c Joint Library Facility
|d Remote Storage
|e DS36 .M8
|h Library of Congress classification
|i unmediated -- volume
|k v.77
|l 1987
|m A14811361872
|p ric
|s JLF
|t 0
|
| 952 |
f |
f |
|a Texas A&M University
|b Rellis Campus
|c Joint Library Facility
|d Remote Storage
|e DS36 .M8
|h Library of Congress classification
|i unmediated -- volume
|k v.45
|l 1955
|m A14829995431
|p ric
|s JLF
|t 0
|
| 952 |
f |
f |
|a Texas A&M University
|b Rellis Campus
|c Joint Library Facility
|d Remote Storage
|e DS36 .M8
|h Library of Congress classification
|i unmediated -- volume
|k v.68
|l 1978
|m A14829996039
|p ric
|s JLF
|t 0
|
| 952 |
f |
f |
|a Texas A&M University
|b Rellis Campus
|c Joint Library Facility
|d Remote Storage
|e DS36 .M8
|h Library of Congress classification
|i unmediated -- volume
|k v.79
|l 1989
|m A14812898848
|p ric
|s JLF
|t 0
|
| 952 |
f |
f |
|a Texas A&M University
|b Rellis Campus
|c Joint Library Facility
|d Remote Storage
|e DS36 .M8
|h Library of Congress classification
|i unmediated -- volume
|k v.51
|l 1961
|m A14829995279
|p ric
|s JLF
|t 0
|
| 952 |
f |
f |
|a Texas A&M University
|b Rellis Campus
|c Joint Library Facility
|d Remote Storage
|e DS36 .M8
|h Library of Congress classification
|i unmediated -- volume
|k v.39
|l 1949
|m A14829995677
|p ric
|s JLF
|t 0
|
| 952 |
f |
f |
|a Texas A&M University
|b Rellis Campus
|c Joint Library Facility
|d Remote Storage
|e DS36 .M8
|h Library of Congress classification
|i unmediated -- volume
|k v.78
|l 1988
|m A14811850465
|p ric
|s JLF
|t 0
|
| 952 |
f |
f |
|a Texas A&M University
|b Rellis Campus
|c Joint Library Facility
|d Remote Storage
|e DS36 .M8
|h Library of Congress classification
|i unmediated -- volume
|k v.62
|l 1972
|m A14829996275
|p ric
|s JLF
|t 0
|
| 952 |
f |
f |
|a Texas A&M University
|b Rellis Campus
|c Joint Library Facility
|d Remote Storage
|e DS36 .M8
|h Library of Congress classification
|i unmediated -- volume
|k v.46
|l 1956
|m A14829903832
|p ric
|s JLF
|t 0
|
| 952 |
f |
f |
|a Texas A&M University
|b Rellis Campus
|c Joint Library Facility
|d Remote Storage
|e DS36 .M8
|h Library of Congress classification
|i unmediated -- volume
|k v.69
|l 1979
|m A14829995994
|p ric
|s JLF
|t 0
|
| 952 |
f |
f |
|a Texas A&M University
|b Rellis Campus
|c Joint Library Facility
|d Remote Storage
|e DS36 .M8
|h Library of Congress classification
|i unmediated -- volume
|k v.87
|l 1997
|m A14823340159
|p ric
|s JLF
|t 0
|
| 952 |
f |
f |
|a Texas A&M University
|b Rellis Campus
|c Joint Library Facility
|d Remote Storage
|e DS36 .M8
|h Library of Congress classification
|i unmediated -- volume
|k v.86
|l 1996
|m A14821043662
|p ric
|s JLF
|t 0
|
| 952 |
f |
f |
|a Texas A&M University
|b Rellis Campus
|c Joint Library Facility
|d Remote Storage
|e DS36 .M8
|h Library of Congress classification
|i unmediated -- volume
|k v.48
|l 1958
|m A14829903793
|p ric
|s JLF
|t 0
|
| 952 |
f |
f |
|a Texas A&M University
|b Rellis Campus
|c Joint Library Facility
|d Remote Storage
|e DS36 .M8
|h Library of Congress classification
|i unmediated -- volume
|k v.65
|l 1975
|m A14829996152
|p ric
|s JLF
|t 0
|
| 952 |
f |
f |
|a Texas A&M University
|b Rellis Campus
|c Joint Library Facility
|d Remote Storage
|e DS36 .M8
|h Library of Congress classification
|i unmediated -- volume
|k v.59
|l 1969
|m A14829996398
|p ric
|s JLF
|t 0
|
| 952 |
f |
f |
|a Texas A&M University
|b Rellis Campus
|c Joint Library Facility
|d Remote Storage
|e DS36 .M8
|h Library of Congress classification
|i unmediated -- volume
|k v.47
|l 1957
|m A14829995392
|p ric
|s JLF
|t 0
|
| 952 |
f |
f |
|a Texas A&M University
|b Rellis Campus
|c Joint Library Facility
|d Remote Storage
|e DS36 .M8
|h Library of Congress classification
|i unmediated -- volume
|k v.93
|l 2003
|m A14831811805
|p ric
|s JLF
|t 0
|
| 952 |
f |
f |
|a Texas A&M University
|b Rellis Campus
|c Joint Library Facility
|d Remote Storage
|e DS36 .M8
|h Library of Congress classification
|i unmediated -- volume
|k v.80
|l 1990
|m A14814356402
|p ric
|s JLF
|t 0
|
| 952 |
f |
f |
|a Texas A&M University
|b Rellis Campus
|c Joint Library Facility
|d Remote Storage
|e DS36 .M8
|h Library of Congress classification
|i unmediated -- volume
|k v.58
|l 1968
|m A14829995156
|p ric
|s JLF
|t 0
|
| 952 |
f |
f |
|a Texas A&M University
|b Rellis Campus
|c Joint Library Facility
|d Remote Storage
|e DS36 .M8
|h Library of Congress classification
|i unmediated -- volume
|k v.55
|l 1965
|m A14829903670
|p ric
|s JLF
|t 0
|
| 952 |
f |
f |
|a Texas A&M University
|b Rellis Campus
|c Joint Library Facility
|d Remote Storage
|e DS36 .M8
|h Library of Congress classification
|i unmediated -- volume
|k v.54
|l 1964
|m A14829903719
|p ric
|s JLF
|t 0
|
| 952 |
f |
f |
|a Texas A&M University
|b Rellis Campus
|c Joint Library Facility
|d Remote Storage
|e DS36 .M8
|h Library of Congress classification
|i unmediated -- volume
|k v.40
|l 1950
|m A14829995635
|p ric
|s JLF
|t 0
|
| 952 |
f |
f |
|a Texas A&M University
|b Rellis Campus
|c Joint Library Facility
|d Remote Storage
|e DS36 .M8
|h Library of Congress classification
|i unmediated -- volume
|k v.89
|l 1999
|m A14827333421
|p ric
|s JLF
|t 0
|
| 952 |
f |
f |
|a Texas A&M University
|b Rellis Campus
|c Joint Library Facility
|d Remote Storage
|e DS36 .M8
|h Library of Congress classification
|i unmediated -- volume
|k v.50
|l 1960
|m A14829995318
|p ric
|s JLF
|t 0
|
| 952 |
f |
f |
|a Texas A&M University
|b Rellis Campus
|c Joint Library Facility
|d Remote Storage
|e DS36 .M8
|h Library of Congress classification
|i unmediated -- volume
|k v.74
|l 1984
|m A14830275551
|p ric
|s JLF
|t 0
|
| 952 |
f |
f |
|a Texas A&M University
|b Rellis Campus
|c Joint Library Facility
|d Remote Storage
|e DS36 .M8
|h Library of Congress classification
|i unmediated -- volume
|k v.92
|l 2002
|m A14830986990
|p ric
|s JLF
|t 0
|
| 952 |
f |
f |
|a Texas A&M University
|b Rellis Campus
|c Joint Library Facility
|d Remote Storage
|e DS36 .M8
|h Library of Congress classification
|i unmediated -- volume
|k v.82
|l 1992
|m A14817942294
|p ric
|s JLF
|t 0
|
| 952 |
f |
f |
|a Texas A&M University
|b Rellis Campus
|c Joint Library Facility
|d Remote Storage
|e DS36 .M8
|h Library of Congress classification
|i unmediated -- volume
|k v.44
|l 1954
|m A14829995473
|p ric
|s JLF
|t 0
|
| 952 |
f |
f |
|a Texas A&M University
|b Rellis Campus
|c Joint Library Facility
|d Remote Storage
|e DS36 .M8
|h Library of Congress classification
|i unmediated -- volume
|k v.57
|l 1967
|m A14829903874
|p ric
|s JLF
|t 0
|
| 952 |
f |
f |
|a Texas A&M University
|b Rellis Campus
|c Joint Library Facility
|d Remote Storage
|e DS36 .M8
|h Library of Congress classification
|i unmediated -- volume
|k v.81
|l 1991
|m A14816130373
|p ric
|s JLF
|t 0
|
| 952 |
f |
f |
|a Texas A&M University
|b Rellis Campus
|c Joint Library Facility
|d Remote Storage
|e DS36 .M8
|h Library of Congress classification
|i unmediated -- volume
|k v.41
|l 1951
|m A14829995596
|p ric
|s JLF
|t 0
|
| 952 |
f |
f |
|a Texas A&M University
|b Rellis Campus
|c Joint Library Facility
|d Remote Storage
|e DS36 .M8
|h Library of Congress classification
|i unmediated -- volume
|k v.43
|l 1953
|m A14829995512
|p ric
|s JLF
|t 0
|
| 952 |
f |
f |
|a Texas A&M University
|b Rellis Campus
|c Joint Library Facility
|d Remote Storage
|e DS36 .M8
|h Library of Congress classification
|i unmediated -- volume
|k v.70
|l 1980
|m A14820550828
|p ric
|s JLF
|t 0
|
| 952 |
f |
f |
|a Texas A&M University
|b Rellis Campus
|c Joint Library Facility
|d Remote Storage
|e DS36 .M8
|h Library of Congress classification
|i unmediated -- volume
|k v.83
|l 1993
|m A14818819779
|p ric
|s JLF
|t 0
|
| 952 |
f |
f |
|a Texas A&M University
|b Rellis Campus
|c Joint Library Facility
|d Remote Storage
|e DS36 .M8
|h Library of Congress classification
|i unmediated -- volume
|k v.60
|l 1970
|m A14829996356
|p ric
|s JLF
|t 0
|
| 952 |
f |
f |
|a Texas A&M University
|b Rellis Campus
|c Joint Library Facility
|d Remote Storage
|e DS36 .M8
|h Library of Congress classification
|i unmediated -- volume
|k v.53
|l 1963
|m A14829903751
|p ric
|s JLF
|t 0
|
| 952 |
f |
f |
|a Texas A&M University
|b Rellis Campus
|c Joint Library Facility
|d Remote Storage
|e DS36 .M8
|h Library of Congress classification
|i unmediated -- volume
|k v.38
|l 1948
|m A14829995716
|p ric
|s JLF
|t 0
|
| 952 |
f |
f |
|a Texas A&M University
|b Rellis Campus
|c Joint Library Facility
|d Remote Storage
|e DS36 .M8
|h Library of Congress classification
|i unmediated -- volume
|k v.42
|l 1952
|m A14829995554
|p ric
|s JLF
|t 0
|
| 952 |
f |
f |
|a Texas A&M University
|b Rellis Campus
|c Joint Library Facility
|d Remote Storage
|e DS36 .M8
|h Library of Congress classification
|i unmediated -- volume
|k v.84
|l 1994
|m A14819177722
|p ric
|s JLF
|t 0
|
| 952 |
f |
f |
|a Texas A&M University
|b Rellis Campus
|c Joint Library Facility
|d Remote Storage
|e DS36 .M8
|h Library of Congress classification
|i unmediated -- volume
|k v.72
|l 1982
|m A14830275632
|p ric
|s JLF
|t 0
|
| 952 |
f |
f |
|a Texas A&M University
|b Rellis Campus
|c Joint Library Facility
|d Remote Storage
|e DS36 .M8
|h Library of Congress classification
|i unmediated -- volume
|k v.61
|l 1971
|m A14829996314
|p ric
|s JLF
|t 0
|
| 952 |
f |
f |
|a Texas A&M University
|b Rellis Campus
|c Joint Library Facility
|d Remote Storage
|e DS36 .M8
|h Library of Congress classification
|i unmediated -- volume
|k v.76
|l 1986
|m A14812867342
|p ric
|s JLF
|t 0
|
| 952 |
f |
f |
|a Texas A&M University
|b Rellis Campus
|c Joint Library Facility
|d Remote Storage
|e DS36 .M8
|h Library of Congress classification
|i unmediated -- volume
|k v.71
|l 1981
|m A14830275674
|p ric
|s JLF
|t 0
|
| 952 |
f |
f |
|a Texas A&M University
|b Rellis Campus
|c Joint Library Facility
|d Remote Storage
|e DS36 .M8
|h Library of Congress classification
|i unmediated -- volume
|k v.64
|l 1974
|m A14829996194
|p ric
|s JLF
|t 0
|
| 952 |
f |
f |
|a Texas A&M University
|b Rellis Campus
|c Joint Library Facility
|d Remote Storage
|e DS36 .M8
|h Library of Congress classification
|i unmediated -- volume
|k v.88
|l 1998
|m A14824882251
|p ric
|s JLF
|t 0
|
| 952 |
f |
f |
|a Texas A&M University
|b Rellis Campus
|c Joint Library Facility
|d Remote Storage
|e DS36 .M8
|h Library of Congress classification
|i unmediated -- volume
|k v.49
|l 1959
|m A14829995350
|p ric
|s JLF
|t 0
|
| 952 |
f |
f |
|a Texas A&M University
|b Rellis Campus
|c Joint Library Facility
|d Remote Storage
|e DS36 .M8
|h Library of Congress classification
|i unmediated -- volume
|k v.66
|l 1976
|m A14829996110
|p ric
|s JLF
|t 0
|
| 998 |
f |
f |
|a DS36 .M8
|s v.38-93 (1948-2003)
|t 0
|l Remote Storage
|
| 998 |
f |
f |
|a DS36 .M7
|s v.110:no.3 (2020:Summer)
|t 0
|l Cushing: Area Studies/Africana (Does not check out)
|